[Event "ISR-chT"]
[Site "Israel"]
[Date "2004.01.24"]
[Round "4"]
[White "Liss, Eran"]
[Black "Mikhalevski, Victor"]
[Result "1/2-1/2"]
[WhiteElo "2489"]
[BlackElo "2568"]
[Annotator "Mikhalevski,V"]
[PlyCount "76"]
[EventDate "2004.01.03"]
[EventType "team"]
[EventRounds "11"]
[EventCountry "ISR"]
[SourceTitle "CBM 099"]
[Source "ChessBase"]
[SourceDate "2004.03.30"]
[SourceVersion "1"]
[SourceVersionDate "2004.03.30"]
[SourceQuality "1"]

1. e4 e5 2. Nf3 Nf6 3. Nxe5 d6 4. Nf3 Nxe4 5. d4 d5 6. Bd3 Nc6 7. Nbd2 $5 {
A relatively rare move. White's idea is to win a few tempi by exchanging a
developed knight.} ({The main move is} 7. O-O) 7... Nxd2 8. Bxd2 Nb4 $6 {
[%csl Rc2][%cal Gc8f5] An unfortunate idea. In fact I had a feeling that move
like this can't be right, but couldn't find a refutation. As it usually
happens I saw it right after playing the move. Now White's idea start to work.}
({Better was} 8... Bg4 9. Qe2+ Be7 10. c3 O-O 11. h3 Bh5 {and Black should be
able to equalize. Liss-Greenfeld,Israel,2002}) 9. Be2 {A modest, but strong
move. This move combined with the next one proves that Black's idea was wrong.}
({It was also interesting to play} 9. Bb5+ $5 c6 ({Bad is} 9... Bd7 $2 10. Qe2+
({Also possible} 10. O-O $5 {but it's better to play simple 10.Qe2.} Bxb5 $140
(10... Bd6 $142 11. Re1+ Kf8) 11. Re1+ Kd7 12. Ne5+ Kc8 13. Nxf7 Qf6 14. Nxh8)
10... Qe7 $8 11. Bxd7+ Kxd7 12. Ne5+ $16 {and Black has no compensation for
losing the right to castle.}) 10. O-O $1 {Freeing the e1-square for the Q.} ({
Now} 10. Qe2+ $2 {doesn't yield fruits} Qe7 11. Bxb4 $140 Qxe2+ 12. Kxe2 Bxb4 {
and Black's fine.}) 10... cxb5 ({Also playable} 10... Be7 $5 11. a3 (11. c3
cxb5 12. cxb4 $11) 11... cxb5 (11... Nxc2 {looks dangerous in view of} 12.
Bxc6+ $1 (12. Qxc2 cxb5) 12... bxc6 13. Qxc2) 12. Bxb4 Bxb4 13. axb4 O-O $14)
11. Qe1+ $1 Be6 12. Bxb4 Be7 $14 {and White has a slight advantage as his
knight is better than Black's "bad" bishop.} (12... Bd6 $5 $14)) 9... Bf5 {
[%csl Rc2] The idea of 8...Nb4. Probably I had to agree with the fact that Nb4
didn't work} ({and to play} 9... Bd6 $5 {finishing development of the K-side.})
10. O-O $1 {White ignores the threat and rightly so. The c2-pawn is
untouchable.} Be7 {It's time to complete development.} ({Now} 10... Nxc2 $2 {
loses to} 11. Rc1 {and Black has to give up two pieces for R since} Nb4 $2 {
is met by} 12. Bxb4 Bxb4 13. Qa4+ $18) ({and after} 10... Bxc2 $2 11. Qe1 $1
$18 {[%csl Rb4,Re8][%cal Ge2b5] Black king is becoming vulnerable.}) ({The
only alternative was} 10... Qd6 $5 {preparing 0-0-0.}) 11. c4 {/\Qa4. Right
idea,but wrong execution.} ({It was better to start with} 11. Bxb4 $1 {
avoiding Bc2.} Bxb4 12. c4 $1 {[%cal Gd1a4,Gd1b3]} O-O $8 {Time to run.} 13.
Qb3 {[%csl Rb4,Rb7,Rd5] This double attack on d5 and b4 is pretty unpleasant.}
Be7 {Probably the best. This way Black leaves the d-file open for his Q.} (
13... Qe7 14. cxd5) ({Provocative} 13... Bd6 {is dangerous:} 14. c5 (14. Qxb7
dxc4 $132 {[%cal Ga8b8]}) 14... Bf4 15. Qxb7 $140 Rb8 16. Qxa7 Rxb2 17. Rfe1
Re8 18. Bd3 $1 {Nice tactical resourse.} Rxe1+ (18... Bxd3 19. Qa3 $1 {[%csl
Rb2,Rd3]}) 19. Rxe1 (19. Nxe1 Bxh2+ 20. Kxh2 Qh4+ 21. Kg1 Qxf2+ 22. Kh1 Qh4+
23. Kg1 $11) 19... Bxd3 20. Qa3 $16 {and by winning back a piece White remains
with an extra pawn.}) 14. cxd5 (14. Rfe1 $5) (14. Ne5 $5) 14... Be4 {[%csl Rd5]
} 15. Bc4 ({Dubious is} 15. Qxb7 $6 Rb8 $1 16. Qxa7 Rxb2 $36 {and Black
develops a strong initiative.}) 15... b5 $1 {an interesting attempt to fight
for initiative} 16. Bxb5 Bxd5 17. Qc3 Rb8 $44 {and thanks to a bishop pair and
a semi-open b-file Black gets certain compensation for a pawn.}) 11... Bc2 $1 {
Correct defense. Black prevents development of the white Q to b3.} (11... O-O {
is dangerous in view of} 12. Qb3 dxc4 13. Bxc4 a5 $1 14. Bxb4 axb4 15. Ne5 Qxd4
16. Nxf7 $36 {and it's very annoying to wait for a discovered check without a
chance to do something about it.}) 12. Qc1 {[%csl Rc2][%cal Gd2b4]} Be4 $1 13.
Bxb4 (13. Qc3 $5 {deserved serious attention with the idea to meet} Nc2 {with}
14. Rad1 $1 {protecting the bishop against Bb4.} ({Inaccurate would be} 14.
Rac1 Bb4 15. Qb3 Bxd2 (15... Nxd4 $5) 16. Nxd2 Nxd4)) 13... Bxb4 14. Ng5 $5 {
An interesting idea. White is looking for chances with bishops of opposite
colour.} ({An attempt to trap the bishop with} 14. c5 {[%csl Rb4][%cal Ga2a3,
Gb2b4] would be answered by} c6 {and Black seems to hold.}) 14... O-O {Finally
Black completes development. Here I felt a relief, but probably it happened
too early:)} ({I could also try to keep the bishop with} 14... Bg6 $5 {but
frankly speaking I've underestimated the threats.}) 15. Nxe4 dxe4 16. Qe3 $1 {
White creates threats both to the e4-pawn and the b4-bishop(Qb3)} c5 $5 {
The idea of White's c5 was so annoying that I decided to play c5 myself.} (
16... Re8 17. c5 c6 18. Bc4 $36 {/\Qb3; Bxf7; Rad1,d5 looked dangerous}) ({
After inaccurate} 16... f5 $2 17. c5 {/\Qb3;a3 Black's B is traped.}) 17. Rad1
{This move came as a litlle surprise. I was concentrating on the other ones.} (
17. a3 cxd4 18. Qxe4 Re8 19. Qxb7 Bxa3 $1 (19... Rxe2 20. axb4 Rxb2 21. Rfd1
$16 {Probably Black will finish up a pawn down.}) 20. Rxa3 Rxe2 21. Rd3 Re7 {
and Black should be able to defend.} (21... Rb8 $2 22. Rxd4 $1)) (17. d5 $5 Qe7
(17... f5 18. a3 Ba5 19. Qxc5 Bb6 (19... f4 20. d6) 20. Qb4 Rc8 (20... a5 21.
Qc3 Qd6 22. b4) 21. Rad1 $16 {During the game I thought Black would have
sufficient compensation here, but now I'm not so sure.}) 18. Rad1 Qe5) (17.
dxc5 $2 {would only help Black.} Qe7 {[%csl Rc5][%cal Gb4c5]}) 17... cxd4 18.
Qxe4 ({After} 18. Rxd4 Qf6 $1 {[%csl Rb2,Rd4]} 19. Rd7 Qxb2 20. Rxb7 a5 $11 {
the position is equal.}) 18... Re8 19. Qc2 $6 {[%cal Ge2f3,Gc2b3] After this
careless move Black succeeds to equalize.} (19. Qd3 $5) ({Probably the best was
} 19. Qxb7 $1 Rxe2 (19... Rb8 20. Qf3 Bc5 $5 $14) 20. Qxb4 Qb6 $1 (20... Rb8 $2
21. Rxd4) 21. Qxb6 axb6 22. b4 $14 {and Black has to look for escsape at the
rook endgame being a pawn down.}) 19... Rc8 $1 20. a3 Bf8 $1 {The bishop will
be useful on the long diagonal!} 21. Bg4 {An attempt to discoordinate Black's
forces doesn't succeed.} (21. Bd3 $142) 21... Rc7 22. Qd3 {[%csl Rd4]} g6 $1 {
Imdirect defense of the d4-pawn. The bishop finds itself on the long diagonal.}
23. b4 (23. Qxd4 {would lead to a forced draw.} Qxd4 24. Rxd4 Bg7 25. Rd2 (25.
Rd7 $6 Rxd7 26. Bxd7 Re7 27. Rd1 Bxb2) 25... Rxc4 $11) 23... b6 $1 {[%csl Gc5]
[%cal Ga7a5] Preventing c5 and preparing counterplay with a5.} 24. g3 ({
And again} 24. Qxd4 {is not dangerous} Qxd4 25. Rxd4 a5 $1 $11 (25... Bg7 26.
Rd7 Rxc4 27. Bf3 a5 28. Bd5 Rf4 $14) 26. bxa5 $140 bxa5 27. a4 Bg7 28. Rd7 Rxc4
29. Bd1 Rb8 $1) (24. Bf3 $5) 24... a5 25. Rb1 (25. bxa5 bxa5 $11) 25... axb4
26. axb4 Ra7 $1 {[%csl Rb4][%cal Ga7a4] Black finds counterplay on the a-file.}
27. Rfc1 $6 {Liss misses my idea, but fortunately for him White keeps an
equality.} (27. Rfd1 Ra4 28. Kg2 (28. Qxd4 $4 Re1+ $1) 28... Rxb4 29. Rxb4 Bxb4
30. Qxd4 Qxd4 31. Rxd4 Bc5 32. Rd7 $11) 27... Qg5 $1 {[%csl Rb4,Rc1,Rg4] /
\Bxb4;><c1} ({Other moves order doesn't work:} 27... Bxb4 $2 28. Rxb4 Qg5 {
[%csl Rc1,Rg4]} 29. Qd1 $1 Rae7 30. Bf3) 28. Qxd4 $1 {White has to accept pawn
sacrifice.} ({Now} 28. Qd1 {is dangerous:} d3 $1) ({or} 28. Bf3 Bxb4 $1 {
[%csl Rc1]}) 28... Bxb4 $1 {[%csl Rc1,Rf2][%cal Gb4c5]} 29. Qxb6 $1 Bc5 {
[%csl Rf2]} 30. Qc6 {[#]} Rd8 $5 {I was happy about my position and looked for
chances to create pressure on f2.} ({An interesting tactical blow} 30... Bxf2+
$5 {would lead to perpetual} 31. Kxf2 Ra2+ 32. Kg1 Ree2 $5 (32... Rd8 33. Bf3
Qe3+ 34. Kh1 Rdd2 (34... Rxh2+ 35. Kxh2 Rd2+ 36. Bg2 Qh6+ 37. Kg1 Qe3+ 38. Kh2
$11) 35. Bg2 Rxg2 36. Qxg2 Rxg2 37. Kxg2 $11) 33. Bxe2 Qe3+ 34. Kh1 (34. Kg2 $4
Qxe2+ 35. Kh3 Qh5#) 34... Qxe2 35. Qc8+ Kg7 36. Qh3 Qf3+ 37. Kg1 Qf2+ 38. Kh1
$11) 31. Rc2 {A safe move. White protects the f2-square and Black has nothing
better than to repeat the position.} (31. Bf3 {was also possible and although
Black gets to f2 the position remains balanced.} Ra2 32. Rf1 Rdd2 33. Bd5 Bxf2+
34. Kh1 {[%csl Rf7][%cal Gc6e8]} Kg7 {/\Bxg3} (34... Bxg3 $4 35. Qe8+ Kg7 36.
Rxf7+ Kh6 37. Rxh7+ Kxh7 38. Qg8+ Kh6 39. Qh8#) 35. Qd7 Kh6 $1 {[%cal Gf2g3] /
\Bg3} 36. Qh3+ Qh5 37. Qxh5+ Kxh5 38. Rbd1 $11 {and exchanging one of the
rooks white reaches a draw.}) 31... Qxg4 (31... Bxf2+ 32. Rxf2 Qxg4 $11) 32.
Qxc5 Rd1+ 33. Rxd1 ({Of course not} 33. Kg2 $4 Qe4+ 34. Kh3 Rxb1 {[%csl Rc2]})
33... Qxd1+ 34. Kg2 Ra1 $5 {I was still trying to win.} (34... Qxc2 {leads to
immediate draw.} 35. Qxa7 Qxc4 $11) 35. Rb2 ({After} 35. Qd5 $5 {Black has
nothing better than} Qxc2 36. Qd8+ Kg7 37. Qd4+ Kg8 38. Qxa1 Qxc4 $11) 35...
Qf1+ 36. Kf3 h5 $5 {Last try.} (36... Qh1+ $2 {would be already too much.} {
After} 37. Kg4 {Black has to look for escape} (37. Kf4 $4 Qc1+ {[%csl Rb2,Rf4]}
) 37... h5+ (37... f5+ $2 38. Kh4 $1 (38. Kg5 Qc1+ 39. f4 Qxb2 40. Qc8+ Kf7 41.
Qd7+)) 38. Kh3) (36... Qd1+ $5 37. Kg2 (37. Re2 Ra8 $1 $11) 37... Qf1+ 38. Kf3
$11) 37. Rb8+ Kh7 38. Rh8+ {White forces a draw by perpetual.} ({Also} 38. Qd4
Ra3+ 39. Kf4 Qc1+ 40. Ke5 Qe1+ 41. Kf4 (41. Kd5 Ra5+ 42. Kc6 Qe6+) 41... Qc1+
42. Ke5 $11 {leads to perpetual.}) 38... Kxh8 (38... Kxh8 39. Qf8+ Kh7 40.
Qxf7+ Kh6 41. Qf8+ Kh7 $11 (41... Kg5 $4 42. Qf4#)) 1/2-1/2

[Event "World Women-ch k.o."]
[Site "Teheran"]
[Date "2017.03.03"]
[Round "6.5"]
[White "Muzychuk, Anna"]
[Black "Tan, Zhongyi"]
[Result "1/2-1/2"]
[WhiteElo "2558"]
[BlackElo "2502"]
[Annotator "Moradiabadi,E"]
[PlyCount "121"]
[EventDate "2017.02.11"]
[EventType "k.o."]
[EventRounds "7"]
[EventCountry "IRI"]
[SourceTitle "CBM 177"]
[Source "ChessBase"]
[SourceDate "2017.03.16"]
[SourceVersion "1"]
[SourceVersionDate "2017.03.16"]
[SourceQuality "1"]

1. e4 e5 2. Nf3 Nf6 3. Nxe5 d6 4. Nf3 Nxe4 5. Nc3 Nxc3 6. dxc3 Be7 7. Be3 O-O
8. Qd2 Qe8 9. Bd3 Nc6 10. O-O-O Ne5 11. Nxe5 dxe5 12. c4 Qa4 13. Kb1 Be6 14. f3
Rfe8 15. Qe2 Qa5 16. Bd2 Qc5 17. Bc3 f6 18. Qe4 g6 19. Qxb7 (19. h4 Qc6 20.
Qxc6 bxc6 21. Ba5 Rac8 22. g4 {could have been a possible endgame with a lot
of suffering for Black.}) 19... Bxc4 20. Bxc4+ Qxc4 21. Rd7 Bd6 22. Rd1 Rab8
23. Qd5+ Qxd5 24. Rxd5 Rbd8 25. Rxd8 Rxd8 26. a4 Rd7 27. Ra5 c5 28. Ka2 Rb7 (
28... f5 {and active play on the kingside was necessary.}) 29. Rb5 $6 {This
misses a great winning chance.} (29. Ra6 $1 Be7 30. Rc6 Kf7 31. a5 h5 32. Ka3
Rd7 33. Ka4 Bd6 34. Kb5 f5 35. Rc8 e4 36. fxe4 fxe4 37. Kc6 Ke6 38. Bd2 {
and White completely dominates. The game is close to over.}) 29... Rc7 30. Ba5
Rc6 31. Kb3 c4+ 32. Kc3 e4 $1 {This creates good practical chances but Black's
problems are not fully solved yet.} 33. fxe4 Bxh2 $2 (33... Be5+ $1 {was
necessary} 34. Kd2 (34. Kb4 Bd6+ {This is the key. White's king cannot proceed.
} 35. Kc3 Be5+) 34... Bxh2) 34. Kd4 (34. Rb7 $1 {Frees b5 and gives White
excellent winning chances.} Bg1 (34... Be5+ 35. Kb4 Bd4 36. Rd7 Bf2 37. Rc7 {
looks losing.}) 35. Rc7 Ra6 36. Kb4 Re6 37. Rxc4 h5 38. Rc8+ Kg7 39. Rc7+ Kh6
40. c4 Rxe4 41. Kb3 {and White seems faster but it requires thorough
evaluation.}) 34... a6 35. Rb7 Bg1+ 36. Kc3 {Black is safe now but...} Bh2 $2 {
Black should not give up on the b6-square.} 37. Bb6 $1 {Now White is close to
winning.} Bg3 38. Be3 $2 (38. a5 $1 {looks completely winning.}) 38... Re6 $1 {
The best practical solution!} 39. Kd4 $2 {This throws away most of White's
advantage} (39. Kxc4 Rxe4+ 40. Bd4 Re2 41. Bxf6 Rxc2+ 42. Bc3 Rxg2 43. a5 {
and White should win because his pawns are much more advanced and her king is
very active.}) 39... f5 $1 {Resourceful play by Tan Zhongyi. Anna's position
is still in good hands but she is too worried about her kingside.} 40. exf5 (
40. Kxc4 Rxe4+ 41. Kd3 Rxa4 42. c4 {should still give White excellent winning
chances.}) 40... gxf5 41. Bg5 h6 42. Bd2 f4 43. Kxc4 Re2 44. Bc3 Rxc2 45. Rg7+
Kf8 46. Rh7 Rxg2 47. Rxh6 Ke7 48. Kd5 Re2 49. Rh7+ Ke8 50. Be5 Rh2 51. Rxh2
Bxh2 52. Ke4 Kd7 53. Bxf4 Bxf4 54. Kxf4 Kc6 55. Ke5 Kc5 56. a5 Kb5 57. Kd5 Kxa5
58. Kc5 Ka4 59. b4 Kb3 60. Kb6 Kxb4 61. Kxa6 {A sad draw for Anna. She only
had five minutes to recover and prepare for the second game.} 1/2-1/2

[Event "EU-Cup 16th"]
[Site "Neum"]
[Date "2000.09.25"]
[Round "2.2"]
[White "Georgiev, Kiril"]
[Black "Motylev, Alexander"]
[Result "0-1"]
[WhiteElo "2661"]
[BlackElo "2574"]
[Annotator "Motylev,A"]
[PlyCount "64"]
[EventDate "2000.09.24"]
[EventType "team-swiss"]
[EventRounds "7"]
[EventCountry "BIH"]
[SourceTitle "CBM 080"]
[Source "ChessBase"]
[SourceDate "2001.01.25"]
[SourceVersion "1"]
[SourceVersionDate "2001.01.25"]
[SourceQuality "1"]
[WhiteTeam "Sarajevo Bosna"]
[BlackTeam "Bucharest RAT"]
[WhiteTeamCountry "BIH"]
[BlackTeamCountry "ROU"]

1. e4 e5 2. Nf3 Nf6 3. Nxe5 d6 4. Nf3 Nxe4 5. Bd3 d5 6. Qe2 Qe7 7. O-O Nd6 8.
Qd1 Qf6 $5 $146 9. Re1+ Be7 10. Nc3 c6 (10... Be6 $5) 11. b4 (11. b3 Bg4 12.
Bb2 Bxf3 13. gxf3 $5 $13) 11... Bg4 12. b5 Bxf3 13. Qxf3 Qxf3 14. gxf3 Kd8 $1
15. Ba3 Nc8 16. bxc6 bxc6 (16... Nxc6 $5) 17. Bxe7+ Nxe7 18. Rab1 Nc8 $1 (18...
Nd7 $6 19. Rb7 Nc8 20. Bf5 Nc5 $1 21. Bxc8 Rf8 $3 22. Rbe7 Kxc8 23. Ne2 Ne6 24.
Rb1 $14) 19. Na4 (19. Rb7 Nd6) 19... Nd6 20. Bf1 $6 (20. Nc5 Nd7 21. Na6 $13)
20... Nd7 21. Bh3 Re8 (21... f5 22. Re6 $1 Nf8 $5 (22... Kc7 23. Re7) 23. Re3
$14 (23. Rxd6+ $6 Kc7)) 22. Re3 $2 (22. Rxe8+ Kxe8 23. Bxd7+ Kxd7 24. Nc5+ Ke7
$15) 22... f5 $1 $17 23. Bf1 Kc7 24. Rbb3 $6 (24. Rbe1 f4 (24... Rxe3 $5 25.
fxe3 Rb8) 25. Re7 Rxe7 26. Rxe7 Nf5 27. Rf7 Rf8 $17) (24. d4 $142) 24... d4 $1
25. Re2 Rxe2 26. Bxe2 Re8 27. Kf1 Re5 $1 28. Rb4 $2 (28. Nb2 $8 Ra5 29. a4 $17
(29. a3 Nc5 30. Rb4 Rxa3 31. Rxd4 Ra1+ 32. Kg2 g5 $1 $19)) 28... Ra5 $1 $19 29.
Nb2 (29. Rxd4 c5 30. Rh4 g5) 29... Rxa2 30. Nd3 Ra1+ (30... Rxc2 31. Nf4 c5 (
31... Rxd2 $4 32. Ne6+ Kc8 33. Ba6+ $18)) 31. Ne1 (31. Kg2 c5 32. Rb2 Nc4)
31... c5 32. Rb2 Ne5 0-1

[Event "Olympiad-39"]
[Site "Khanty-Mansiysk"]
[Date "2010.09.22"]
[Round "2.1"]
[White "Movsesian, Sergei"]
[Black "Rozentalis, Eduardas"]
[Result "1-0"]
[WhiteElo "2723"]
[BlackElo "2611"]
[Annotator "Movsesian,S"]
[PlyCount "99"]
[EventDate "2010.09.21"]
[EventType "team-swiss"]
[EventRounds "11"]
[EventCountry "RUS"]
[SourceTitle "CBM 139"]
[Source "ChessBase"]
[SourceDate "2010.11.18"]
[SourceVersion "1"]
[SourceVersionDate "2010.11.18"]
[SourceQuality "1"]
[WhiteTeam "Slovakia"]
[BlackTeam "Lithuania"]
[WhiteTeamCountry "SVK"]
[BlackTeamCountry "LTU"]

1. e4 e5 2. Nf3 Nf6 3. Nxe5 d6 4. Nf3 Nxe4 5. d4 Be7 6. Bd3 Ng5 $5 {This
strange-looking move had already been played by Rozentalis this year, so I was
not too surprised. I decided not to try to "punish" such an approach
immediately (actually, there is no direct way, at least, according to database
games in this line).} 7. Bxg5 (7. Nbd2 Bg4 8. h3 Nxf3+ 9. Nxf3 Bh5 10. Qe2 Nd7
11. g4 Bg6 12. Bxg6 hxg6 13. Bg5 Kf8 14. Be3 Nb6 15. O-O-O Qd7 16. d5 Re8 $13 {
McShane-Rozentalis, Toronto 2010}) 7... Bxg5 8. Qe2+ Kf8 ({After} 8... Be7 {
I wanted to play} 9. Nc3 O-O 10. Qe4 g6 11. Qf4 $5) 9. Nbd2 Nc6 10. c3 Bxd2+
11. Nxd2 Qe7 12. Qe3 $1 {More or less forcing Black to exchange queens on e3,
improving White's centre.} Bd7 13. O-O Qxe3 14. fxe3 Re8 15. e4 $14 Re7 16. a4
Ke8 $6 {I don't like this plan. Black remains very passive, while White is
allowed to improve his position gradually.} (16... g6 {was to be preferred} 17.
Nc4 Kg7 18. Ne3 Be6 19. Rf3 $14) 17. Nc4 f6 18. b4 Kd8 19. b5 Nb8 20. Ne3 Be6
21. a5 Rhe8 22. c4 c5 $6 {A very natural reaction. Black saw the possibilty to
change the course of the game by this sharp move. Unfortunately, some little
tactics work for White...} 23. bxc6 Nxc6 24. d5 Ne5 25. dxe6 Nxd3 26. Nf5 Rc7
27. Rad1 Nc5 ({A different knight move} 27... Nb2 {loses due to} 28. Rxd6+ Kc8
29. Rd2 $1 Nxc4 30. Rc2 $1 Rxe6 31. Rfc1 Rec6 32. Rxc4 Rxc4 33. Rxc4 Rxc4 34.
Nd6+ $18) 28. Rxd6+ Kc8 29. e7 g6 (29... Nxe4 30. Rfd1 $1 Nxd6 31. Nxd6+ Kd7
32. Nb5+ Kc6 33. Rd6+ Kc5 34. Rd5+ Kxc4 (34... Kc6 35. Nxa7#) 35. Nxc7 Rxe7 36.
Rd1 {and White should win this endgame.}) 30. e5 $1 gxf5 (30... fxe5 31. Ng7
Rcxe7 32. Nxe8 Rxe8 33. Rd5 $18) (30... Ne4 31. exf6 Nxf6 32. Rfd1 Nd7 33. Rxg6
$1 $18) 31. exf6 Ne4 32. f7 Nxd6 33. f8=Q $18 Rcxe7 34. Qh6 Nxc4 35. Qf4 Rc7
36. Rc1 Nd6 37. Rd1 Nc4 38. Qxf5+ Kb8 39. Qf4 Kc8 40. Rc1 Nd6 41. Qg4+ Kb8 42.
Rxc7 Kxc7 43. Qg7+ Kc6 44. Qxh7 Re5 45. Qc2+ Rc5 46. Qa4+ Kc7 47. Qa3 b6 48.
axb6+ axb6 49. h4 Kc6 50. Qf3+ 1-0

[Event "Moscow Tal Memorial 5th"]
[Site "Moscow"]
[Date "2010.11.05"]
[Round "1"]
[White "Karjakin, Sergey"]
[Black "Gelfand, Boris"]
[Result "1-0"]
[WhiteElo "2760"]
[BlackElo "2739"]
[Annotator "Mueller,Karsten"]
[PlyCount "113"]
[EventDate "2010.11.05"]
[EventType "tourn"]
[EventRounds "9"]
[EventCountry "RUS"]
[EventCategory "21"]
[SourceTitle "CBM 139"]
[Source "ChessBase"]
[SourceDate "2010.11.18"]
[SourceVersion "1"]
[SourceVersionDate "2010.11.18"]
[SourceQuality "1"]

1. e4 e5 2. Nf3 Nf6 3. Nxe5 d6 4. Nf3 Nxe4 5. Nc3 Nxc3 6. dxc3 Be7 7. Be3 O-O
8. Qd2 Nd7 9. O-O-O Ne5 10. h4 c6 11. Kb1 Bg4 12. Be2 Nxf3 13. gxf3 Bh5 14. f4
Bxe2 15. Qxe2 Bf6 16. Rhg1 Re8 17. f5 Kh8 18. h5 h6 19. Qd2 Kh7 20. Qxd6 Qxd6
21. Rxd6 Rad8 22. Rxd8 Rxd8 23. Bxa7 Rd5 24. Be3 Rxf5 25. Rh1 Bg5 26. f4 Bf6
27. Kc1 Rb5 28. Rh3 g6 29. hxg6+ fxg6 30. a4 Ra5 31. b3 Rh5 32. Rxh5 gxh5 33.
Kd2 h4 34. c4 h3 35. Bg1 Kg6 36. Ke3 Kf5 37. Kf3 Bc3 38. Be3 Be1 39. Bc5 h2 40.
Kg2 Kxf4 41. b4 h1=Q+ 42. Kxh1 Kf3 43. b5 cxb5 44. cxb5 Ke4 45. Bb6 Kd5 46. a5
Bg3 47. Kg2 {Ein König auf dem Marsch Karjakin gewinnt dieses Endspiel trotz
des geringen Gewinnpotenzials noch, weil Gelfands prophylaktischer Rückzug...}
Bb8 $2 {...sich als Bumerang erweist.} ({Nach} 47... Bd6 {kann Weiß nicht
durchbrechen, z.B.} 48. a6 (48. Kf3 h5 $11) (48. c3 Kc4 49. a6 Bb8 50. Bc7 Kxb5
51. Bxb8 bxa6 $11) 48... bxa6 49. bxa6 Kc6 50. Bf2 h5 51. Kh3 Be7 52. c4 Kc7
53. c5 Bxc5 54. Bxc5 Kb8 $11) 48. a6 bxa6 (48... Kc4 {scheitert an} 49. Bc7 $1
{und Schwarz kommt jeweils ein Tempo zu spät. Nach} (49. a7 $2 {ist Weiß
dagegen zu langsam:} Bxa7 50. Bxa7 Kxb5 51. Bd4 Kc4 52. Bf6 b5 53. Kf2 b4 54.
Ke2 b3 $11) 49... Kxb5 (49... Ba7 50. axb7 Kxb5 51. b8=Q+ Bxb8 52. Bxb8 Kc4 53.
Be5 $18) 50. Bxb8 Kxa6 (50... bxa6 51. Bf4 Kc4 (51... a5 52. Bxh6 Kc4 53. Bg7
$18) 52. Bd2 $18) 51. Bf4 h5 52. c3 Kb5 53. Bd6 Kc4 54. Bb4 $18) 49. bxa6 Kc4 (
{Wegen des Unglücksrabens auf b8 ist} 49... Kc6 $6 {wegen} 50. a7 {nicht
spielbar.}) 50. Kf3 $1 {[%cal Gf3c6,Gf3h5]} Kc3 51. Ke4 h5 52. Bd4+ Kxc2 (52...
Kc4 {hilft auch nicht, weil sich der weiße König nun des h-Bauern annehmen
kann:} 53. c3 h4 54. Kf3 h3 55. Kf2 Kd3 56. Kg1 Kc4 57. Kh1 Kd3 58. Be5 Ba7 59.
Kh2 Kc4 60. Bd4 $18) 53. Bf6 Kd2 ({Nach} 53... Kb3 {vollendet der weiße
Monarch seinen eindrucksvollen Marsch durchs Zentrum:} 54. Kd5 Kb4 55. Kc6 Ka5
56. Kb7 {[%cal Gh1b7]} Kb5 57. Bd8 $18 {[%cal Gd8a5,Gd8h4]}) 54. Kd5 Ke2 55.
Kc6 Ba7 56. Bd8 Kf1 57. Bb6 1-0